| 000 | 00388nam a2200145Ia 4500 | ||
|---|---|---|---|
| 008 | 230917s9999||||xx |||||||||||||| ||und|| | ||
| 040 |
_e167191 _aMAIN |
||
| 041 | _aEnglish | ||
| 082 | _a954.5 G869C | ||
| 100 | _aGrewal, Reeta | ||
| 245 | 0 | _aColonialism and urbanization in India: The Punjab region | |
| 260 |
_aNew Delhi _bManohar Publishers _c2009 |
||
| 300 | _a256 p. | ||
| 942 | _cBK | ||
| 999 |
_c150901 _d150901 |
||